000 00484cam a2200193 4500
001 D5477
008 090401t1979 xxu||||| |||| 00| 0 eng d
035 _a(Sirsi) u97290
041 _aeng
050 _a690.24
100 _aHawkins, J.
245 _aPainting programmes in the GLC
260 _aAscot, Berkshire
_bThe Institute of Building
_c1979
300 _a9p. 30cm
350 _a0
490 _aIOB Maintenance Information Service
_v8
942 _n0
948 _c04/03/1997
999 _c98834
_d98834